|
|
|
|
| LEADER |
02118nam a2200361 a 4500 |
| 001 |
31058 |
| 003 |
BD-DhAAL |
| 005 |
20260513174912.0 |
| 008 |
160406s2014 enka 001 0 eng d |
| 020 |
|
|
|a 9781292009452
|
| 020 |
|
|
|a 9781292009513
|
| 020 |
|
|
|a 9781292009537
|
| 040 |
|
|
|a DLC
|c DLC
|d DLC
|d BD-DhAAL
|d BD-DhAAL
|
| 082 |
0 |
0 |
|a 330
|2 22
|
| 100 |
1 |
|
|a Parkin, Michael,
|d 1939-
|9 310
|
| 245 |
1 |
0 |
|a Economics /
|c Michael Parkin, Melanie Powell, Kent Matthews.
|
| 250 |
|
|
|a Ninth edition.
|
| 260 |
|
|
|a Harlow, England ;
|a Boston, MA :
|b Addison-Wesley ;
|b Pearson,
|c 2012 [print 2014]
|
| 300 |
|
|
|a xxx, 784 pages :
|b illustrations ;
|c 26 cm.
|
| 500 |
|
|
|a Includes index.
|
| 541 |
1 |
|
|e 31058
|
| 650 |
|
0 |
|a Economics.
|9 2006
|
| 700 |
1 |
|
|a Powell, Melanie.
|9 2007
|
| 700 |
1 |
|
|a Matthews, Kent.
|9 2008
|
| 852 |
4 |
|
|a Ayesha Abed Library
|j General shelf
|
| 942 |
|
|
|2 ddc
|c BK
|
| 999 |
|
|
|c 37405
|d 37405
|
| 952 |
|
|
|0 0
|1 0
|2 ddc
|4 0
|6 330_000000000000000_PAR
|7 0
|9 58734
|a BRACUL
|b BRACUL
|c GEN
|d 2016-04-06
|e Trim Education
|g 8995.00
|l 36
|m 249
|o 330 PAR
|p 3010031058
|r 2026-01-19
|s 2025-10-20
|t 1
|w 2016-04-06
|y BK
|
| 952 |
|
|
|0 0
|1 0
|2 ddc
|4 0
|6 330_000000000000000_PAR
|7 0
|9 60100
|a BRACUL
|b BRACUL
|c GEN
|d 2017-03-05
|e Trim Education
|g 8500.00
|l 32
|m 192
|o 330 PAR
|p 3010031620
|r 2026-05-19
|s 2025-10-28
|t 2
|v 8500.00
|w 2017-03-05
|y BK
|
| 952 |
|
|
|0 0
|1 0
|2 ddc
|4 0
|6 330_000000000000000_PAR
|7 0
|9 60101
|a BRACUL
|b BRACUL
|c GEN
|d 2017-03-05
|e Trim Education
|g 8500.00
|l 21
|m 169
|o 330 PAR
|p 3010031621
|q 2025-12-17
|r 2024-10-26
|s 2024-10-26
|t 3
|v 8500.00
|w 2017-03-05
|y BK
|
| 952 |
|
|
|0 0
|1 0
|2 ddc
|4 0
|6 330_000000000000000_PAR
|7 0
|9 60133
|a BRACUL
|b BRACUL
|c GEN
|d 2017-04-02
|e Trim Education
|g 8500.00
|l 30
|m 159
|o 330 PAR
|p 3010031670
|r 2026-03-28
|s 2026-03-05
|t 4
|v 8500.00
|w 2017-04-02
|y BK
|
| 952 |
|
|
|0 0
|1 0
|2 ddc
|4 0
|6 330_000000000000000_PAR
|7 0
|9 60134
|a BRACUL
|b BRACUL
|d 2017-04-02
|e Trim Education
|g 8500.00
|l 22
|m 199
|o 330 PAR
|p 3010031671
|r 2026-05-18
|s 2026-02-18
|t 5
|v 8500.00
|w 2017-04-02
|y BK
|
| 952 |
|
|
|0 0
|1 0
|2 ddc
|4 0
|6 330_000000000000000_PAR
|7 0
|9 60696
|a BRACUL
|b BRACUL
|c GEN
|d 2017-05-22
|e Trim Education
|g 8500.00
|l 27
|m 212
|o 330 PAR
|p 3010031812
|q 2026-04-27
|r 2025-06-25
|s 2025-06-25
|t 6
|v 8500.00
|w 2017-05-22
|y BK
|